Comunicación social y construcción de la demacracia /
Spremljeno u:
| Glavni autor: | |
|---|---|
| Format: | Tekst |
| Teme: | |
| Oznake: |
Dodaj oznaku
Bez oznaka, Budi prvi tko označuje ovaj zapis!
|
MARC
| LEADER | 00000 a a2200000 04500 | ||
|---|---|---|---|
| 001 | 13613 | ||
| 003 | |||
| 040 | |||
| 100 | |a Zeledón Cambronero, Mario | ||
| 245 | |a Comunicación social y construcción de la demacracia / |c Mario Zeledón Cambronero | ||
| 650 | |a MEDIOS DE COMUNICACION DE MASAS | ||
| 650 | |a DEMOCRATIZACION | ||
| 650 | |a HISTORIA DE LA EDUCACION | ||
| 650 | |a DERECHOS CIVILES | ||
| 650 | |a HISTORIA SOCIAL | ||
| 650 | |a MOVIMIENTOS ESTUDIANTILES | ||
| 650 | |a TEORIA SOCIAL | ||
| 773 | |g número 79; páginas 39-49 | ||
| 999 | |c 19722 |d 19722 | ||
